00827cam a2200241 a 450000100090000000300060000900500170001500800410003201000130007302000280008602000310011403500370014504000530018205000240023508200170025910000190027624500480029526000580034330000260040144000580042750400670048563000330055234933859OCoLC20220227194626.0960606s1996 miu b 001 0 eng  a96026077 a0802823173 (alk. paper) a9780802823175 (alk. paper) a(OCoLC)34933859z(OCoLC)59385017 aDLCcDLCdOCLdBAKERdNLGGCdBTCTAdYDXCPdGEBAY00aBS2665.3b.M55 199600a227/.1072201 aMoo, Douglas J14aThe Epistle to the Romans /cDouglas J. Moo aGrand Rapids, Mich. :bW.B. Eerdmans Pub. Co.,cc1996 axxv, 1012 p. ;c25 cm 4aThe new international commentary on the New Testament aIncludes bibliographical references (p. xviii-xxv) and indexes00aBible.pRomansvCommentaries